Movies Quiz

Random Movies or Oscar Quiz
Score 0/20 Timer 04:00
4 Plays Today
Letter Best Director(s) % Correct
SGeorge Stevens...
92.7%
CFrank Capra...
89.4%
BFrank Borzage...
58.5%
FJohn Ford...
56.5%
HJohn Huston...
50.9%
LFrank Lloyd...
50%
EClint Eastwood
49.7%
AJohn G. Avildsen...
46.6%
JPeter Jackson
41.3%
WWilliam Wyler...
38.9%
Letter Best Director(s) % Correct
ZFred Zinneman...
37.2%
MLewis Milestone...
33.6%
DGuillermo del Toro...
33.2%
RJerome Robbins...
31.1%
GMel Gibson
29.6%
PSydney Pollack...
28.3%
IAlejandro G. Iñárritu
27.5%
KElia Kazan
23.1%
NMike Nichols
14.7%
TNorman Taurog
7.4%
Remove Ads.
Support Sporcle.
Get the best of Sporcle when you Go Orange. This ad-free experience offers more features, more stats, and more fun while also helping to support Sporcle. Thank you for becoming a member.

You're not logged in!

Compare scores with friends on all Sporcle quizzes.
OR
Log In

Sporcle TV

Today on Sporcle TV


Watch our educational content, quiz creation guides, and fun videos on Sporcle TV.

Show Comments

Extras

Top Quizzes Today


Score Distribution

Paid Content

Your Account Isn't Verified!

In order to create a playlist on Sporcle, you need to verify the email address you used during registration. Go to your Sporcle Settings to finish the process.

Report this User

Report this user for behavior that violates our Community Guidelines.

Details: